000 00531nmm a2200169Ia 4500
008 251105s9999||||xx |||||||||||||||||und||
020 _a9789502331522
041 _aspa
100 _aBuacar, Natalia
245 0 _aDesenredando la ciencia :
_b Una mirada sobre su práctica, su historia y su dimensión social
264 _a[Buenos Aires, Argentina] :
_bEudeba,
_c2022
300 _a410 páginas
490 _aUBA XXI
650 _aPhilosophy, Ethics
856 _uhttps://public.digitaliapublishing.com/a/128448
942 _cCF
999 _c93328
_d93328